000 01034cab a2200301 4500
001 ABS54300
008 090401t1996 xxu||||| |||| 00| 0 eng d
035 _a(Sirsi) u9657
041 _aeng
100 _aEade, C.
245 _aRetail: Six appeal
260 _c1996
350 _a0
490 _aProperty Week
_v54(4) 25 January 1996, 72-82(7)
520 _aReviews six regional shopping centres due to open between 1997 and 1999: Bluewater, Cribbs Causeway, Trafford Centre, White Rose Leeds, West Quay Southampton and Buchanan Galleries Glasgow; reports on the current position of retail group Sears and the emergence of power centres in the United States.
650 _aBLUEWATER
650 _aBUCHANAN GALLERIES
650 _aCRIBBS CAUSEWAY
650 _aPOWER CENTRES
650 _aREGIONAL SHOPPING CENTRES
650 _aSEARS
650 _aTRAFFORD CENTRE
650 _aWEST QUAY
650 _aWHITE ROSE
690 _aPROPERTY-COMMERCIAL PROPERTY-RETAIL PROPERTY
942 _n0
948 _c04/03/1997
999 _c6062
_d6062